[Event "A07"]
[Site "Cleanchess.com   INT"]
[Date "2018.02.14"]
[Round "6"]
[White "Van Wely,L"]
[Black "Pavasovic,D"]
[Result "1-0"]
[WhiteElo "2656"]
[BlackElo "2540"]

1.Nf3 d5 2.g3 Bg4 3.Bg2 Nd7 4.c4 e6 5.cxd5 exd5 6.O-O Ngf6 7.Nc3 c6 8.d3 Bc5
9.Qb3 Nb6 10.a4 a5 11.d4 Bb4 12.Ne5 Bf5 13.Rd1 O-O 14.Nd3 Be7 15.Bf4 Ra7
16.Rac1 Nc4 17.Nc5 Bd6 18.Nxb7 Qb8 19.Bxd6 Nxd6 20.Nc5 Qxb3 21.Nxb3 Rb8 22.Nc5
Rxb2 23.f3 Nc4 24.Re1 Ne3 25.Nd1 Nxd1 26.Rcxd1 Ra8 27.e4 dxe4 28.fxe4 Bg4
29.Rb1 Rab8 30.Rxb2 Rxb2 31.h3 Be2 32.Rc1 Nh5 33.Rc3 Rb1+ 34.Kf2 Rb2 35.Rb3
Rxb3 36.Nxb3 Bd1 37.Nxa5 Bxa4 38.e5 f6 39.e6 f5 40.Bxc6 Bxc6 41.Nxc6 Nf6
42.Ne7+ Kf8 43.Nxf5 g6 44.Ne3 Ne4+ 45.Kg2 Ke7 46.d5 Kd6 47.Kf3 Ng5+ 48.Kg4 Ne4
49.Kf4 Nf2 50.h4 h6 51.Nc4+ Ke7 52.Ne5 Kf6 53.Ng4+ {#r} 1-0

[Event "A07"]
[Site "Cleanchess.com Lutsk UKR"]
[Date "2018.02.18"]
[Round "10.1"]
[White "Bogdanovich,S"]
[Black "Bernadskiy,V"]
[Result "0-1"]
[WhiteElo "2560"]
[BlackElo "2588"]

1.Nf3 d5 2.g3 g6 3.Bg2 Bg7 4.O-O Nf6 5.b4 O-O 6.Bb2 c6 7.a3 a5 8.d3 axb4
9.axb4 Rxa1 10.Bxa1 Na6 11.b5 cxb5 12.Nbd2 b4 13.Be5 Bg4 14.Qa1 Nb8 15.e4 dxe4
16.Nxe4 Nbd7 17.Bd4 Qa8 18.Nxf6+ Nxf6 19.Qe1 b3 20.Qxe7 Re8 21.Qb4 Bxf3
22.Bxf3 bxc2 23.Qb2 Qd8 24.Rc1 Nh5 25.Bxg7 Nxg7 26.Qxc2 Nf5 27.Qb1 b6 28.Bb7
Qd4 29.Rc4 Qd6 30.Rc6 Qd4 31.Ba6 Qd5 32.Rxb6 Nd4 33.Bb7 Nf3+ 34.Kh1 Qh5 35.Kg2
Ne1+ 36.Kg1 Qe2 37.Be4 h5 38.Rb2 Nf3+ 39.Kg2 Ne1+ 40.Kg1 Nf3+ 41.Kh1 Nd2
42.Qc1 Rxe4 43.Rxd2 Qf3+ 44.Kg1 Re8 45.d4 h4 46.Qd1 Qd5 47.gxh4 Re4 48.h5 Qe6
49.Kg2 Rg4+ 50.Kf1 Re4 51.Qf3 Qd5 52.Rd3 gxh5 53.h3 Kh7 54.Rd1 Re1+ 55.Rxe1
Qxf3 56.Re3 Qd1+ 57.Kg2 Qxd4 58.Rg3 Qe4+ 59.Kg1 f5 60.Re3 Qd5 61.Rg3 f4 62.Ra3
Kg6 63.Ra7 Kg5 {#R} 0-1

[Event "A07"]
[Site "Cleanchess.com Leiden NED"]
[Date "2018.02.17"]
[Round "3.2"]
[White "Bekker,Stefan"]
[Black "Nikolic,Pr"]
[Result "0-1"]
[WhiteElo "2273"]
[BlackElo "2591"]

1.Nf3 d5 2.g3 g6 3.Bg2 Bg7 4.c4 d4 5.d3 e5 6.Na3 Ne7 7.O-O O-O 8.Rb1 a5 9.Nc2
Na6 10.b3 Nb4 11.a3 Na2 12.Bb2 Nc6 13.Qd2 Bf5 14.Nh4 Bg4 15.h3 Be6 16.e3 Qd7
17.exd4 exd4 18.Kh2 Rad8 19.b4 Nc3 20.Rbc1 Na4 21.Ba1 axb4 22.axb4 b5 23.Na3
bxc4 24.dxc4 Nc3 25.Bxc3 dxc3 26.Qxd7 Bxd7 27.Nb5 Nxb4 28.Nxc3 c6 29.Ne4 Nd3
30.Rc2 Be6 31.Rb1 h6 32.Bf1 g5 33.Bxd3 Rxd3 34.Nc5 Rc3 35.Rxc3 Bxc3 36.Nf3 Bf5
37.Rb3 Bg7 38.Rb6 Rc8 39.Na6 Be6 40.Nb4 c5 41.Nd5 Rd8 42.Ne3 Ra8 43.Kg2 Ra4
44.Rc6 Bd4 45.Nc2 Bxc4 46.Ncxd4 cxd4 47.Rd6 d3 48.Ne5 Ba6 49.Nxd3 Bb7+ 50.f3
Ra2+ 51.Nf2 Kg7 52.g4 Ba6 53.Kg3 Ra3 54.Rd2 Kg6 55.Ne4 Bb7 56.Re2 Bd5 57.Kf2
f5 58.gxf5+ Kxf5 59.Kg2 Kf4 60.Nd2 Rxf3 61.Kh2 Rd3 62.Nf1 Rd1 63.Rf2+ Bf3
64.Ng3 Ke3 65.Rb2 Bd5 66.Re2+ Kf3 67.Rc2 Kf4 68.Rf2+ Bf3 69.Rb2 h5 70.Rb4+ Ke5
71.Rb5+ Ke6 72.Nxh5 Bxh5 73.Rxg5 Bf3 74.Kg3 Bd5 75.h4 Kf6 76.Kf2 Be6 77.Rg1
Rd4 78.Ke3 Rxh4 79.Kd2 Ke5 80.Kc3 Rh3+ 81.Kb4 Rb3+ 82.Kc5 Rc3+ 83.Kb4 Rc2
84.Re1+ Kd6 85.Re3 Bd5 86.Rc3 Rb2+ 87.Ka3 Rb8 88.Rc1 Be4 89.Rc4 Kd5 90.Rb4 Re8
91.Rb5+ Kc4 92.Rb4+ Kc5 93.Ra4 Bd5 94.Rh4 Re2 {#R} 0-1

[Event "A09"]
[Site "Cleanchess.com   INT"]
[Date "2018.02.14"]
[Round "6"]
[White "Vaibhav,S"]
[Black "Studer,N"]
[Result "0-1"]
[WhiteElo "2542"]
[BlackElo "2476"]

1.Nf3 d5 2.c4 d4 3.g3 c5 4.Bg2 Nc6 5.O-O Nf6 6.e3 e5 7.exd4 exd4 8.Re1+ Be7
9.d3 O-O 10.Ne5 Nxe5 11.Rxe5 h6 12.Nd2 Re8 13.Rb1 Qc7 14.Re1 Bf5 15.Qf3 Bg6
16.Qxb7 Bd6 17.Qxa8 Rxa8 18.Bxa8 Bxd3 19.Ra1 h5 20.Nf3 Qc8 21.Bd5 Nxd5 22.cxd5
Bc4 23.Bd2 Bxd5 24.Nh4 f6 25.Re2 g5 26.Ng2 Bf3 {#R} 0-1

[Event "A10"]
[Site "Cleanchess.com   INT"]
[Date "2018.02.14"]
[Round "6"]
[White "Bartell,T"]
[Black "Shabalov,A"]
[Result "1-0"]
[WhiteElo "2344"]
[BlackElo "2544"]

1.c4 Nc6 2.Nc3 Nf6 3.g3 b6 4.Bg2 Bb7 5.d4 e6 6.a3 Na5 7.Bxb7 Nxb7 8.e4 d6
9.Nf3 Be7 10.O-O O-O 11.b4 c6 12.d5 cxd5 13.cxd5 exd5 14.exd5 Qd7 15.Nd4 Rac8
16.Bb2 Qh3 17.Qf3 Ng4 18.Qg2 Qh5 19.h3 Ne5 20.g4 Qg6 21.Nf5 Rfe8 22.Ne4 Bf8
23.Bd4 h5 24.f3 Nd3 25.Qg3 Rc4 26.Rad1 Ne5 27.Rfe1 f6 28.Nh4 Qf7 29.gxh5 f5
30.Ng5 Qxh5 31.f4 Nf7 32.Ne6 Kh7 33.Nxf8+ {#r} 1-0

[Event "A11"]
[Site "Cleanchess.com Lutsk UKR"]
[Date "2018.02.18"]
[Round "9.8"]
[White "Polyakov,M"]
[Black "Mischuk,D"]
[Result "0-1"]
[WhiteElo "2402"]
[BlackElo "2383"]

1.c4 c6 2.Nf3 d5 3.e3 Nf6 4.Nc3 e6 5.b3 Bd6 6.Bb2 Qe7 7.Rc1 O-O 8.Be2 a6 9.d4
Nbd7 10.O-O b6 11.Re1 Bb7 12.Bd3 Bb4 13.Qc2 h6 14.Red1 c5 15.a3 Bxc3 16.Bxc3
Ne4 17.Bb2 Rac8 18.dxc5 Ndf6 {#R} 0-1

[Event "A11"]
[Site "Cleanchess.com Newcastle ENG"]
[Date "2018.02.17"]
[Round "6.5"]
[White "Donchenko,Alexa"]
[Black "Derakhshani,Borna"]
[Result "1-0"]
[WhiteElo "2583"]
[BlackElo "2317"]

1.Nf3 Nf6 2.g3 d5 3.Bg2 Bg4 4.c4 c6 5.Ne5 Bf5 6.cxd5 cxd5 7.Nc3 e6 8.Qa4+ Nbd7
9.g4 Bg6 10.h4 Bc2 11.Nxf7 Kxf7 12.Qxc2 Nxg4 13.Nxd5 exd5 14.Bxd5+ Ke8 15.Qe4+
Be7 16.Qxg4 Nf6 17.Qa4+ Kf8 18.Bf3 Rc8 19.d3 Bc5 20.Rg1 Nd5 21.Qg4 {#r} 1-0

[Event "A13"]
[Site "Cleanchess.com Rio de Janeiro BRA"]
[Date "2018.02.12"]
[Round "4.1"]
[White "Mekhitarian,K"]
[Black "Fier,A"]
[Result "0-1"]
[WhiteElo "2533"]
[BlackElo "2544"]

1.Nf3 Nf6 2.c4 e6 3.g3 d5 4.Bg2 Nbd7 5.Qc2 a6 6.b3 b6 7.O-O Bb7 8.Bb2 Be7
9.cxd5 exd5 10.Nd4 c5 11.Nf5 O-O 12.Nc3 Rc8 13.e3 Re8 14.Nxe7+ Qxe7 15.Rad1 b5
16.Qf5 Qe6 17.Qxe6 fxe6 18.Rc1 b4 19.Na4 a5 20.Rfd1 Ba6 21.Bf1 Bxf1 22.Kxf1 c4
23.Bxf6 gxf6 24.Rc2 Rc6 25.f4 Rec8 26.Ke2 f5 27.Rdc1 Kf7 28.d3 c3 29.d4 h5
30.Rg1 Ke7 31.h4 Kd6 32.Kf3 Rg8 33.Rcg2 Nf6 34.Nc5 Ne4 35.Nd3 Rc7 36.Ne1 Rcg7
37.Nc2 Kc6 38.a3 bxa3 39.Nxa3 Rb7 40.Nb1 Rxb3 41.Rc1 Rgb8 42.Nd2 Rb2 {#R} 0-1

[Event "A13"]
[Site "Cleanchess.com Neustadt an der Weinstrasse GER"]
[Date "2018.02.13"]
[Round "8.21"]
[White "Boehm,Mar"]
[Black "Buckels,Valentin"]
[Result "0-1"]
[WhiteElo "2207"]
[BlackElo "2335"]

1.c4 e6 2.Nf3 Nf6 3.b3 b6 4.Bb2 Bb7 5.e3 c5 6.Nc3 Be7 7.d4 cxd4 8.Qxd4 O-O
9.Rd1 Nc6 10.Qf4 a6 11.Bd3 b5 12.cxb5 axb5 13.O-O b4 14.Na4 Nd5 15.Qg3 Bf6
16.e4 Nc3 17.e5 Be7 18.Bxc3 bxc3 19.Nxc3 f6 20.exf6 Bxf6 21.Ne4 Nb4 22.Bb1
Bxe4 23.Bxe4 Rxa2 24.Qd6 Na6 25.Bb1 Ra5 26.b4 Ra4 27.Qd3 g6 28.Qb5 Ra3 29.Rxd7
Qb8 30.Qc6 Re8 31.Rb7 Qc8 32.Qb6 Ra4 33.Qa7 Nc5 34.Qxc5 Qxb7 35.b5 Qd5 36.Qc6
Qxc6 37.bxc6 Rc4 38.Bd3 Rc3 39.Be4 Rb8 40.Re1 Kf7 41.h4 h6 42.Rd1 Rd8 43.Rb1
g5 44.Rb7+ Kg8 45.hxg5 hxg5 46.Bh7+ Kf8 47.Bg6 Be7 48.Be4 g4 49.c7 Rd1+ 50.Kh2
Bd6+ 51.g3 Bxc7 {#R} 0-1

[Event "A13"]
[Site "Cleanchess.com Israel ISR"]
[Date "2018.02.16"]
[Round "7.2"]
[White "Zifroni,D"]
[Black "Erenberg,Ariel"]
[Result "0-1"]
[WhiteElo "2440"]
[BlackElo "2382"]

1.Nf3 Nf6 2.c4 e6 3.g3 d5 4.Bg2 dxc4 5.Qa4+ c6 6.Qxc4 b5 7.Qb3 Bb7 8.O-O a6
9.Ne5 Nbd7 10.d4 Nxe5 11.dxe5 Nd5 12.Nc3 Be7 13.Ne4 Qb8 14.Nd6+ Bxd6 15.exd6
Qxd6 16.e4 Nb6 17.Rd1 Qe7 18.Qc3 O-O 19.b3 Rac8 20.Bf4 Rfd8 21.Qa5 Na8 22.a4
bxa4 23.b4 h6 24.Be3 Nc7 25.Bc5 Rxd1+ 26.Rxd1 Qe8 27.Qxa4 Rd8 28.Bb6 Rxd1+
29.Qxd1 Nb5 30.e5 Nc3 31.Qd6 Nd5 32.Bc5 Nc3 33.Qc7 Qa8 34.h4 Nb5 35.Qe7 Qb8
36.Bd6 Qc8 37.Bf3 Nd4 38.Bh5 g6 39.Bg4 h5 40.Bh3 c5 41.Bxc5 Nf3+ 42.Kf1 Nxe5
43.Qd6 Nc4 44.Qf4 Qd8 45.Ke1 Qd5 46.Bf1 Na3 47.f3 e5 48.Qe4 Qxe4+ 49.fxe4 Nb5
50.Bxb5 axb5 51.Kd2 Bxe4 52.Ke3 Bd5 53.Bd6 f6 54.Be7 Kf7 55.Bd8 Ke6 56.Kf2 Kf5
57.Ke3 g5 58.hxg5 Kxg5 59.Be7 Kf5 60.Bd8 Bf7 61.Kf3 h4 62.gxh4 Bh5+ 63.Ke3 Ke6
{#R} 0-1

[Event "A13"]
[Site "Cleanchess.com   INT"]
[Date "2018.02.14"]
[Round "6"]
[White "Nagle,S"]
[Black "Ashwin,J"]
[Result "1-0"]
[WhiteElo "2432"]
[BlackElo "2486"]

1.Nf3 Nf6 2.c4 e6 3.g3 d5 4.Bg2 dxc4 5.O-O a6 6.Na3 Bxa3 7.bxa3 O-O 8.a4 e5
9.Qc2 Nc6 10.Bb2 e4 11.Ng5 Bf5 12.Qxc4 Qxd2 13.Bxf6 gxf6 14.Nxe4 Qd4 15.Qxd4
Nxd4 16.Nxf6+ Kh8 17.e3 Ne2+ 18.Kh1 c6 19.g4 Be6 20.Rab1 Rab8 21.Rb2 Nc3
22.Rc1 Nxa2 23.Rcc2 Rfd8 24.Bf3 b5 25.Rxa2 Bxa2 26.Rxa2 b4 27.a5 b3 28.Rb2 Rb4
29.Ne4 Rd5 30.Kg2 Rxa5 31.Nd2 c5 32.Rxb3 Rxb3 33.Nxb3 Rb5 34.Bd5 Rb4 35.Nxc5
Rb5 36.Nxa6 Rxd5 37.Nb4 Rc5 38.Nd3 Rg5 39.h3 h5 40.Kg3 hxg4 41.hxg4 Kg7 42.Kf4
Ra5 43.f3 Kf6 44.e4 Rb5 45.Nf2 Ra5 46.Nd1 Ra3 47.Ne3 Kg6 48.Nd5 Rd3 49.g5 Kh5
50.Nf6+ Kh4 51.Ng4 Ra3 52.Nh6 Ra7 53.Kf5 Kg3 54.f4 Ra5+ 55.e5 Ra4 56.Nxf7
Rxf4+ 57.Ke6 Rg4 58.Kf6 Rf4+ 59.Ke6 Rg4 60.Ke7 Kf4 61.e6 Ke4 62.Kd7 Rg1 63.e7
Rd1+ 64.Nd6+ Kf3 65.e8=Q Kg3 66.Qe3+ Kg4 67.Qe2+ Kg3 68.Qxd1 Kh3 69.Qg1 Kh4
70.g6 Kh5 71.g7 Kh6 72.g8=Q Kh5 73.Qh8# 1-0

[Event "A13"]
[Site "Cleanchess.com Israel ISR"]
[Date "2018.02.16"]
[Round "7.2"]
[White "Gershon,A"]
[Black "Haimovich,T"]
[Result "0-1"]
[WhiteElo "2444"]
[BlackElo "2401"]

1.c4 e6 2.Nc3 d5 3.cxd5 exd5 4.d4 Bb4 5.a3 Bxc3+ 6.bxc3 Nf6 7.Bg5 h6 8.Bh4 c5
9.dxc5 O-O 10.e3 Be6 11.Bd3 Nbd7 12.c6 bxc6 13.Ne2 Qa5 14.f3 Rfe8 15.O-O Rab8
16.Bc2 Rb2 17.h3 Qb6 18.Bf2 c5 19.Bh4 d4 20.cxd4 Bc4 21.Bf2 cxd4 22.Nxd4 Bxf1
23.Qxf1 Qc5 24.Qd3 Ne5 25.Qf5 Qc8 26.Ba4 Qxf5 27.Nxf5 Rd8 28.Be1 Rdb8 29.Bc3
Rb1+ 30.Kh2 Rxa1 31.Bxa1 Nc4 32.Bd4 a6 33.e4 Nxa3 34.Ne7+ Kh8 35.e5 Ng8 36.Nf5
Nb5 37.Ba1 f6 38.e6 Re8 39.Nd4 g6 40.f4 Kg7 41.g4 Kf8 42.Bxb5 axb5 43.Bc3 Rb8
44.Bb4+ Ke8 45.f5 gxf5 46.Nxf5 Ra8 47.Nd6+ Kd8 48.Nxb5 Ra2+ 49.Kg3 Rb2 50.Ba5+
Ke7 51.Nd4 Kd6 52.Bc3 Rb1 53.Kf4 Ne7 54.Ke4 Nd5 55.Bd2 Rd1 56.Bxh6 Nc3+ 57.Ke3
Ke7 58.Bg7 Nd5+ 59.Ke4 Nc7 60.g5 Re1+ 61.Kf5 Re5+ 62.Kf4 Rxg5 63.Bh6 Rg6
64.Ke4 Nxe6 65.Nf5+ Kd7 66.h4 Rg4+ 67.Kf3 Ra4 68.Be3 Ke8 69.h5 Kf7 70.Nd6+ Kg8
71.Nf5 Kh7 72.Kg3 Ng5 73.Bd4 Ra6 74.Be3 Nf7 75.Kf3 Ra5 76.Kf4 Ra4+ 77.Kg3 Ne5
78.Bd4 Ra3+ 79.Kf4 Nd7 80.Be3 Nf8 81.Nd4 Ra5 82.Kg4 Rd5 83.Bf2 Rg5+ 84.Kh4 Nd7
85.Ne6 Rg2 86.Bd4 Re2 87.Nc5 Nxc5 88.Bxc5 Re4+ 89.Kg3 Kh6 90.Kf3 Rh4 91.Be7
Kg5 92.Kg3 Rxh5 93.Bd6 Rh7 94.Kf3 Kf5 95.Bc5 Rh3+ 96.Kf2 Rd3 97.Be7 Rd7 98.Bc5
Ke4 99.Be3 Rb7 {#R} 0-1

[Event "A14"]
[Site "Cleanchess.com Wachtebeke BEL"]
[Date "2018.02.12"]
[Round "5.5"]
[White "Blom,V"]
[Black "Van der Lende,I"]
[Result "1-0"]
[WhiteElo "2242"]
[BlackElo "2384"]

1.Nf3 d5 2.g3 Nf6 3.Bg2 e6 4.O-O Be7 5.b3 O-O 6.Bb2 c5 7.c4 Nc6 8.cxd5 Nxd5
9.d4 Bf6 10.e4 Ndb4 11.e5 Be7 12.a3 Na6 13.Nbd2 Nxd4 14.Nxd4 cxd4 15.b4 Rb8
16.Nb3 Bd7 17.Nxd4 Nc7 18.Qe2 a6 19.Be4 Ba4 20.Qh5 g6 21.Qg4 Qd7 22.Rac1 Nb5
23.Nxb5 Qxb5 24.h4 Qb6 25.h5 Kg7 26.Kg2 a5 27.Bc3 axb4 28.Bxb4 Bxb4 29.axb4
Qxb4 30.hxg6 hxg6 31.Rc7 Kg8 32.Rh1 Bd1 33.Qf4 f5 34.Rh8+ Kxh8 35.Qh6+ Kg8
36.Qg7# 1-0

[Event "A14"]
[Site "Cleanchess.com Lutsk UKR"]
[Date "2018.02.16"]
[Round "12.1"]
[White "Bernadskiy,V"]
[Black "Bogdanovich,S"]
[Result "1-0"]
[WhiteElo "2588"]
[BlackElo "2560"]

1.c4 c5 2.Nf3 Nf6 3.Nc3 Nc6 4.g3 e6 5.Bg2 Be7 6.O-O d5 7.cxd5 Nxd5 8.d4 Nf6
9.dxc5 Qa5 10.Nd2 Qxc5 11.Nde4 Qd4 12.Be3 Qxd1 13.Rfxd1 O-O 14.Bc5 Bxc5
15.Nxc5 Rb8 16.Bxc6 bxc6 17.b3 Re8 18.Rac1 Kf8 19.Rd6 Bb7 20.e4 e5 21.Nxb7
Rxb7 22.Rxc6 Rd8 23.Rc5 Re7 24.Kf1 g6 25.Ke2 Kg7 26.f3 h5 27.h4 Red7 28.Rd1
Rxd1 29.Nxd1 Re8 30.Ne3 Re6 31.Nc4 Nd7 32.Rc7 Nb8 33.Rxa7 Nc6 34.Rd7 Nd4+
35.Ke3 Nc2+ 36.Kd2 Nd4 37.Nxe5 Nb5 38.Nxf7 Kf6 39.Ng5 Ra6 40.f4 Rxa2+ 41.Ke3
Ra7 42.Rxa7 Nxa7 43.Kd4 Nc6+ 44.Kc5 Na5 45.b4 Nb3+ 46.Kd5 {#r} 1-0

[Event "A15"]
[Site "Cleanchess.com Lutsk UKR"]
[Date "2018.02.17"]
[Round "5.1"]
[White "Mikhalsky,Vladimir"]
[Black "Mirzoev,E"]
[Result "0-1"]
[WhiteElo "2200"]
[BlackElo "2405"]

1.c4 e6 2.g3 Nf6 3.Bg2 d5 4.Nf3 Be7 5.b3 O-O 6.Bb2 a5 7.a3 a4 8.b4 dxc4 9.Ne5
Ra7 10.Nc3 c5 11.b5 Nd5 12.Nxc4 Nb6 13.Ne3 N8d7 14.Ne4 Ra5 15.Nc3 Nf6 16.O-O
Nfd5 17.Rb1 Nxe3 18.fxe3 Bf6 19.d3 Bg5 20.Qd2 Nc4 21.Qe1 Bxe3+ 22.Kh1 Nd2
23.Ne4 Nxf1 24.Qxf1 Rxb5 25.Nc3 Rb3 26.Nxa4 Qa5 27.Nc3 Rxb2 28.Rxb2 Qxc3
29.Qb1 Qxa3 30.Bxb7 Bxb7+ 31.Rxb7 Qa8 {#R} 0-1

[Event "A15"]
[Site "Cleanchess.com   INT"]
[Date "2018.02.14"]
[Round "6"]
[White "Banusz,T"]
[Black "Flores Rios,M"]
[Result "1-0"]
[WhiteElo "2641"]
[BlackElo "2529"]

1.Nf3 Nf6 2.c4 g6 3.g3 Bg7 4.Bg2 O-O 5.O-O c6 6.b3 Ne4 7.d4 d5 8.Bb2 a5 9.Nc3
Bf5 10.e3 Nxc3 11.Bxc3 Be4 12.Qe2 Nd7 13.Rfc1 e6 14.Bf1 Bxf3 15.Qxf3 Re8
16.Rab1 Nf6 17.Bd3 Bf8 18.a4 Bd6 19.Qe2 Qe7 20.Ra1 e5 21.Qb2 e4 22.Be2 h5
23.h4 Kg7 24.Kg2 Qe6 25.b4 axb4 26.Bxb4 Bc7 27.Bc5 Reb8 28.Bb6 Bxb6 29.Qxb6
dxc4 30.Bxc4 Qf5 31.Be2 Ra5 32.Qc7 Qc8 33.Qxa5 {#r} 1-0

[Event "A15"]
[Site "Cleanchess.com   INT"]
[Date "2018.02.14"]
[Round "6"]
[White "Margvelashvili,G"]
[Black "Bortnyk,Olexandr"]
[Result "0-1"]
[WhiteElo "2530"]
[BlackElo "2610"]

1.Nf3 Nf6 2.c4 b6 3.g3 Bb7 4.Bg2 g6 5.O-O Bg7 6.d4 O-O 7.d5 b5 8.Qb3 a6 9.Nc3
Qc8 10.cxb5 axb5 11.Qxb5 c6 12.dxc6 Nxc6 13.Bf4 Ra5 14.Qb3 Qa8 15.Rfd1 Nd8
16.Bc7 Ra6 17.Be5 Ne6 18.Ne1 Bxg2 19.Nxg2 Ng5 20.f3 Nh3+ 21.Kf1 Ng4 22.Bxg7
Nxh2+ 23.Ke1 Nxf3+ 24.exf3 Qxf3 25.Rd2 Kxg7 26.Re2 Qxg3+ 27.Kd1 Rd6+ 28.Kc1
Nf4 29.Nxf4 Qxf4+ 30.Kc2 Qf5+ 31.Re4 Rc8 32.Re1 Rd4 33.Rf1 Qxe4+ {#R} 0-1

[Event "A15"]
[Site "Cleanchess.com Moscow RUS"]
[Date "2018.02.18"]
[Round "5.1"]
[White "Dubov,Daniil"]
[Black "Esipenko,Andrey"]
[Result "1-0"]
[WhiteElo "2694"]
[BlackElo "2571"]

1.c4 Nf6 2.g3 e6 3.Bg2 d5 4.Nf3 d4 5.O-O c5 6.b4 cxb4 7.a3 Nc6 8.axb4 Bxb4
9.Ne5 Bd7 10.Nxd7 Nxd7 11.Na3 O-O 12.Rb1 Rb8 13.Nc2 Bc5 14.d3 Qc7 15.Bd2 Rfd8
16.Qc1 b6 17.Ra1 a5 18.Na3 Rbc8 19.Nb5 Qb8 20.Qb2 e5 21.Kh1 Nf8 22.f4 Ne6
23.f5 Nf8 24.g4 Bb4 25.Bg5 Re8 26.Bd5 Bc5 27.Qb1 Nb4 28.Be4 f6 29.Bd2 Be7
30.Rg1 Nd7 31.h4 Nc5 32.Bxb4 axb4 33.Bd5+ Kh8 34.Ra8 Qxa8 35.Bxa8 Rxa8 36.Nc7
b3 37.Nxe8 Rxe8 38.Qa1 Bd6 39.Qa7 Rb8 40.g5 Rb7 41.Qa8+ Bb8 42.Rb1 {#r} 1-0

[Event "A15"]
[Site "Cleanchess.com Neustadt an der Weinstrasse GER"]
[Date "2018.02.13"]
[Round "8.20"]
[White "Kulon,K"]
[Black "Morgunov,Marc"]
[Result "0-1"]
[WhiteElo "2364"]
[BlackElo "2203"]

1.c4 Nf6 2.g3 g6 3.Bg2 Bg7 4.Nc3 d6 5.e3 e5 6.Nge2 O-O 7.O-O c6 8.d3 Re8 9.h3
d5 10.cxd5 cxd5 11.d4 e4 12.Bd2 Nc6 13.Rc1 h5 14.Nf4 Bf5 15.Na4 Rc8 16.b4 b6
17.h4 Qd7 18.Qb3 Bh6 19.b5 Ne7 20.Rxc8 Rxc8 21.Rc1 Bxf4 22.exf4 Bh3 23.f5
Rxc1+ 24.Bxc1 Bxg2 25.Kxg2 Nxf5 26.Bf4 Ng4 27.Nc3 Nxd4 28.Qxd5 Qxd5 29.Nxd5
Nxb5 30.Bb8 a6 31.a4 Nd4 32.Ba7 Nc6 33.Bxb6 f5 34.f4 Kf7 35.Nc7 a5 36.Nb5 Ke6
37.Nd4+ Nxd4 38.Bxd4 Kd5 39.Bb6 Kc4 40.Bxa5 Kb3 41.Bb6 Kxa4 42.Kf1 Kb5 43.Ba7
Kc4 44.Ke2 Nf6 45.Bb8 Nd7 46.Ba7 Kc3 47.Ke3 Kc2 48.Ke2 Nf6 49.Bd4 Nd5 50.Be5
Nb4 51.Bd4 Na2 52.Ba7 Nc1+ 53.Ke3 Kd1 54.Kd4 Kd2 55.Ke5 e3 56.Kf6 e2 57.Bf2
Nd3 58.Bb6 Kc3 {#R} 0-1

[Event "A15"]
[Site "Cleanchess.com Budapest HUN"]
[Date "2018.02.12"]
[Round "8.1"]
[White "Rodgaard,J"]
[Black "Nemeth,Zo"]
[Result "1-0"]
[WhiteElo "2320"]
[BlackElo "2229"]

1.Nf3 Nf6 2.c4 b6 3.g3 Bb7 4.Bg2 e5 5.O-O d6 6.d4 exd4 7.Nxd4 Bxg2 8.Kxg2 Qd7
9.Nc3 Be7 10.e4 Nc6 11.f3 Nxd4 12.Qxd4 O-O 13.Be3 Rad8 14.Rad1 Rfe8 15.Rfe1
Qc8 16.Re2 Nd7 17.Nd5 Bf8 18.b3 h6 19.Qd2 c6 20.Nf4 Ne5 21.Qc2 Qb7 22.Nd3 Qc7
23.Red2 Be7 24.b4 Bg5 25.Bxg5 hxg5 26.Nxe5 dxe5 27.c5 bxc5 28.Qxc5 Rxd2+
29.Rxd2 Qb6 30.Rc2 Rd8 31.Qxe5 f6 32.Qc5 Qxc5 33.Rxc5 Rd2+ 34.Kh3 Rxa2 35.Rxc6
Rb2 36.Rc4 Rf2 37.Rc3 Rb2 38.Ra3 Rxb4 39.Rxa7 Rb2 40.f4 gxf4 41.gxf4 Rb4
42.Re7 Kf8 43.Re6 Kf7 44.f5 g6 45.Kg3 Rb1 46.Rc6 gxf5 47.exf5 Rg1+ 48.Kf2 Rg5
49.Rc5 Kg7 50.Kf3 Rh5 51.Kg3 Rg5+ 52.Kf4 Rg1 53.Rc7+ Kh6 54.Rf7 Rg4+ 55.Kf3
Ra4 56.Rxf6+ Kg5 57.Rf8 Rf4+ 58.Kg3 Rxf5 59.Rg8+ Kh6 60.h4 Ra5 {#r} 1-0

[Event "A16"]
[Site "Cleanchess.com   INT"]
[Date "2018.02.14"]
[Round "6"]
[White "Vazquez,Guillermo"]
[Black "He,Anthony"]
[Result "1-0"]
[WhiteElo "2436"]
[BlackElo "2246"]

1.Nf3 Nf6 2.c4 g6 3.Nc3 d5 4.cxd5 Nxd5 5.Qb3 Nb6 6.d4 Bg7 7.Bf4 O-O 8.e3 c5
9.dxc5 N6d7 10.Qa3 Nc6 11.Bb5 Qa5 12.Qxa5 Nxa5 13.Rc1 Nxc5 14.b4 Bxc3+ 15.Rxc3
Ne4 16.Rc7 Nc6 17.Bxc6 bxc6 18.Nd4 a5 19.Nxc6 axb4 20.f3 Nf6 21.Nxe7+ Kg7
22.Be5 Be6 23.g4 h6 24.h4 Ra5 25.Bd4 Rd8 26.Nc6 Rxd4 27.Nxd4 Bxa2 28.e4 b3
29.Rh2 Ra4 30.Ne6+ Kg8 31.Nc5 Rc4 32.Rb2 Rc1+ 33.Kd2 Rf1 34.Ke3 Re1+ 35.Kf4
Rc1 36.Ke5 Nd7+ 37.Rxd7 Rxc5+ 38.Rd5 Rc3 39.Kf4 Kg7 40.g5 h5 41.Rd7 Kf8
42.Rbd2 Bb1 43.Rb7 Bd3 44.Ke5 Ba6 45.Rb6 Bc4 46.f4 Rc2 47.Kf6 Kg8 48.Rd8+ Kh7
49.Rbb8 {#r} 1-0

[Event "A19"]
[Site "Cleanchess.com   INT"]
[Date "2018.02.14"]
[Round "6"]
[White "Gretarsson,Hj"]
[Black "Barsegyan,H"]
[Result "0-1"]
[WhiteElo "2565"]
[BlackElo "2467"]

1.c4 e6 2.Nc3 Nf6 3.e4 c5 4.e5 Ng8 5.Nf3 Nc6 6.d4 cxd4 7.Nxd4 Nxe5 8.Ndb5 a6
9.Nd6+ Bxd6 10.Qxd6 f6 11.Be3 Ne7 12.Bb6 Nf5 13.Bxd8 Nxd6 14.Bc7 Ndf7 15.Na4
Ke7 16.Nb6 Ra7 17.Bb8 Nc6 18.Bxa7 Nxa7 19.c5 Nc6 20.O-O-O d6 21.cxd6+ Nxd6
22.Bd3 e5 23.Nxc8+ Rxc8 24.Kb1 h6 25.Rhe1 g5 26.Rc1 Ke6 27.f3 Nf5 28.Bxf5+
Kxf5 29.Red1 Ke6 30.Rc5 Rc7 31.a3 h5 32.Rd8 h4 33.h3 Rf7 34.Re8+ Kf5 35.Rd5
Nd4 36.Rdd8 Ne6 37.Rd2 Nd4 38.Rc8 Kf4 39.Rc3 Kg3 40.Kc1 Ne6 41.Kd1 Nf4 42.Rcc2
f5 43.Ke1 Re7 44.Kf1 e4 45.fxe4 fxe4 46.Kg1 e3 47.Rc3 g4 48.Rf2 Re4 49.b4 gxh3
50.Rf3+ Kg4 51.Rcxe3 Rxe3 52.Rxe3 hxg2 53.Kh2 b5 54.Re8 Kf3 55.Rf8 h3 56.Kg1
Ke3 57.Re8+ Kd3 58.Rd8+ Kc3 59.Re8 Kd3 60.Rd8+ Ke3 61.Re8+ Kf3 62.Rf8 Kg3
63.Rg8+ Kf3 64.Rf8 Ke4 65.Re8+ Kf5 66.Rf8+ Ke5 67.Kh2 Ke4 68.Re8+ Kf3 69.Rf8
Ke3 {#R} 0-1

[Event "A20"]
[Site "Cleanchess.com Leiden NED"]
[Date "2018.02.17"]
[Round "3.3"]
[White "Pruijssers,R"]
[Black "Kerstens,D"]
[Result "1-0"]
[WhiteElo "2523"]
[BlackElo "2219"]

1.c4 e5 2.g3 Nf6 3.Bg2 c6 4.Nc3 d6 5.e3 Be7 6.Nge2 h5 7.h3 Bf5 8.e4 Be6 9.d3
a6 10.O-O b5 11.b3 Qd7 12.Kh2 h4 13.g4 g5 14.cxb5 axb5 15.d4 Qb7 16.d5 cxd5
17.exd5 Bd7 18.Be3 b4 19.Ne4 Nxe4 20.Bxe4 Na6 21.Qd2 f6 22.Nc1 Bd8 23.Nd3 Bb6
24.Bxg5 fxg5 25.Qxg5 Bb5 26.Qf6 Rf8 27.Qxd6 Bxd3 28.Bxd3 e4 29.Bxe4 Rd8 {#r}
1-0

[Event "A20"]
[Site "Cleanchess.com   INT"]
[Date "2018.02.14"]
[Round "6"]
[White "Romanov,E"]
[Black "Ter Sahakyan,S"]
[Result "1-0"]
[WhiteElo "2617"]
[BlackElo "2563"]

1.c4 e5 2.g3 Nf6 3.Bg2 Nc6 4.Nc3 Bc5 5.e3 a6 6.Nge2 Ba7 7.b3 d6 8.Bb2 O-O
9.O-O Bf5 10.Nd5 Nxd5 11.cxd5 Nb4 12.d4 exd4 13.Bxd4 c5 14.Bc3 a5 15.Nf4 Re8
16.Qd2 b5 17.a3 Nc2 18.Ra2 b4 19.axb4 Nxb4 20.Raa1 Bb6 21.Qb2 f6 22.Ne6 Qe7
23.Rfd1 Ra7 24.Nf4 Be4 25.Bh3 Qf7 26.Be6 Rxe6 27.dxe6 Qe7 28.Qe2 g5 29.Nh5
Qxe6 30.Nxf6+ Kf8 31.Nxe4 Qxe4 32.Rxd6 {#r} 1-0

[Event "A20"]
[Site "Cleanchess.com   INT"]
[Date "2018.02.14"]
[Round "6"]
[White "Hua,L"]
[Black "Fedoseev,Vl3"]
[Result "0-1"]
[WhiteElo "2305"]
[BlackElo "2724"]

1.c4 e5 2.g3 Nf6 3.Bg2 c6 4.d4 Bb4+ 5.Nc3 d6 6.Nf3 e4 7.Ng5 d5 8.O-O h6 9.Nh3
dxc4 10.a3 Ba5 11.Bf4 Bf5 12.Be5 Nbd7 13.Nf4 Qe7 14.Qa4 Bxc3 15.bxc3 Nxe5
16.dxe5 Qxe5 17.Qxc4 g5 18.Nh3 Nd5 19.Qd4 f6 20.Rac1 Qe6 21.c4 Ne7 22.Rfd1
Bxh3 23.Bxh3 Qxh3 24.Qxf6 Rf8 25.Qd4 Qf5 26.Rb1 b6 27.Qe3 Rd8 28.Rxd8+ Kxd8
29.Rd1+ Kc7 30.Rd4 Qf6 31.Rxe4 Nf5 32.Qf3 Qa1+ 33.Kg2 Nh4+ {#R} 0-1

[Event "A20"]
[Site "Cleanchess.com Saint Louis USA"]
[Date "2018.02.13"]
[Round "9.3"]
[White "Banawa,Joe"]
[Black "Zhou,Qiyu"]
[Result "1-0"]
[WhiteElo "2401"]
[BlackElo "2230"]

1.c4 e5 2.g3 Nc6 3.Bg2 Bc5 4.Nc3 a6 5.e3 d6 6.Nf3 Ba7 7.O-O Nge7 8.d4 exd4
9.Nxd4 Nxd4 10.exd4 O-O 11.b3 Nf5 12.Ne2 Rb8 13.a4 Re8 14.Bb2 Qg5 15.Qd3 Bd7
16.h4 Qf6 17.Bc3 h5 18.Rae1 b5 19.axb5 axb5 20.Ra1 Bb6 21.c5 Qe7 22.cxb6 Qxe2
23.Qxe2 Rxe2 24.bxc7 Rc8 25.Ba5 Nxd4 26.Rad1 Nf5 27.Rfe1 Rce8 28.Rxe2 Rxe2
29.Bc6 Bc8 30.b4 Re5 31.Bb6 Kf8 32.Ra1 Ke7 33.Ra8 Re1+ 34.Kh2 Rc1 35.Rxc8 Rxc6
36.Rd8 d5 37.c8=Q {#r} 1-0